000 00576nam a22001937a 4500
003 koha_MIRAKIL
005 20231213100212.0
008 231213b |||||||| |||| 00| 0 ||| d
020 _b978-6-05-080468-3
040 _aTR-IsEVY
_btur
_cTR-IsEVY
082 _aFIC BİL/A
100 _aBilgin, İsmail.
245 0 _aAhmet Hulusi Efendi
_bDenizli
260 _bTimaş Yayınları,
_c2012
300 _a92 s
650 _aChildren's literature -- Fiction, Turkish -- Historical fiction.
650 _aÇocuk edebiyatı -- Roman, Türk -- Tarihi roman.
942 _2ddc
_cBK
999 _c16175
_d16175